[Event "Porto Alegre Trois Cup"]
[Site "Porto Alegre"]
[Date "2022.08.21"]
[Round "4"]
[White "Ramos, Iam Da Silva"]
[Black "Matos, Amaury"]
[Result "1-0"]
[WhiteElo "1800"]
[BlackElo "1800"]
[PlyCount "77"]
[EventDate "2022.08.19"]
[EventType "swiss"]
[EventRounds "5"]
[EventCountry "BRA"]
[SourceTitle "CBM 210 Extra"]
[Source "ChessBase"]
[SourceDate "2022.11.30"]
[SourceVersion "1"]
[SourceVersionDate "2022.11.30"]
[SourceQuality "1"]

1. e4 c5 2. d4 cxd4 3. c3 d3 4. Bxd3 g6 5. f4 b6 6. Nf3 Bb7 7. 0-0 Nc6 8. Be3 Bg7 9. Nbd2 Nh6 10. h3 Qc7 11. Qe2 Rd8 12. f5 gxf5 13. exf5 f6 14. Bxh6 Bxh6 15. Ne4 Bg7 16. Rad1 Rg8 17. Bc4 Rh8 18. Nd6+ Kf8 19. Nf7 Ne5 20. N3xe5 fxe5 21. Nxd8 Qxd8 22. Qh5 d5 23. Bxd5 Bxd5 24. c4 Qe8 25. Qxe8+ Kxe8 26. Rxd5 Kf7 27. Rd7 Rc8 28. b3 a5 29. Rfd1 Rc6 30. g4 h6 31. Kf2 Bf6 32. Ke3 Ke8 33. Ke4 Bg7 34. a4 Bf6 35. Rd8+ Kf7 36. Rb8 Bg7 37. Rdd8 Bf6 38. Rbc8 e6 39. Rd7+ 1-0